000 00422nam a22001697a 4500
003 MPLRDC
005 20220104123457.0
008 210129b ||||| |||| 00| 0 eng d
020 _a962-257-721-0
082 _a855 YQY c.2
100 _a余秋雨
245 _a余秋雨文选
_c
260 _a香港
_b天地图书有限公司
_c1994
300 _b
650 _a散文;随笔、日记
942 _cBK
_o855 YQY c.2
999 _c11723
_d11713